Normal view
MARC view
- English Transcription Course-English
Entry Topical Term
001 - CONTROL NUMBER
- control field: 1604
003 - CONTROL NUMBER IDENTIFIER
- control field: JO-AjAnu
005 - DATE AND TIME OF LATEST TRANSACTION
- control field: 20230606070551.0
008 - FIXED-LENGTH DATA ELEMENTS
- fixed length control field: 230606|| aca||aabn | a|a d
040 ## - CATALOGING SOURCE
- Original cataloging agency: JO-AjAnu
- Transcribing agency: JO-AjAnu
150 ## - HEADING--TOPICAL TERM
- Topical term or geographic name entry element: English Transcription Course-English
670 ## - SOURCE DATA FOUND
- Source citation: Work cat.: (JO-AjAnu)841: تأليف Lecumberri,m.Luisa;م.مشاركJohn A.Maidment, author 1603, English Transcription Course